Príspevok k meraniu procesu magnetizácie

Salvato in:
Dettagli Bibliografici
Autore principale: Paneva, Ekaterina (Autore)
Altri autori: Vlnka, Ján (Relatore della tesi)
Natura: Manoscritto Libro
Lingua:slovacco
Pubblicazione: 2018
Soggetti:
Accesso online:http://is.stuba.sk/zp/portal_zp.pl?podrobnosti=133648
Tags: Aggiungi Tag
Nessun Tag, puoi essere il primo ad aggiungerne!!

MARC

LEADER 00000ntm a22000003a 4500
001 stuzp64062
003 SK-STU
005 20180820152032.6
007 ta
008 150427s2015----xo-----f-mn---000-0-slo-d
040 |a STU  |b slo 
041 0 |a slo 
100 1 |a Paneva, Ekaterina  |u 020020  |4 aut  |U SjF Strojnícka fakulta  |T SjF Ústav automatizácie, merania a aplikovanej informatiky  |X 55388  |U J0020  |Y 802  |7 55388 
242 0 1 |a Contribution to the measurement of the magnetization process  |y eng 
245 1 0 |a Príspevok k meraniu procesu magnetizácie 
260 |c 2018 
650 4 |a demagnetization  |2 eng 
650 4 |a feromagnetic materials  |2 eng 
650 4 |a electromagnetic induction  |2 eng 
650 4 |a demagnetizers  |2 eng 
650 4 |a elektromagnetická indukcia  |2 slo 
650 4 |a demagnetizovanie  |2 slo 
650 4 |a demagnetizátory  |2 slo 
650 4 |a feromagnetické materiály  |2 slo 
700 1 |a Vlnka, Ján  |u 020020  |k Z1  |4 ths  |U SjF Strojnícka fakulta  |T SjF Ústav automatizácie, merania a aplikovanej informatiky  |X 2405  |U J0020  |Y 802  |7 A000002405 
856 4 |u http://is.stuba.sk/zp/portal_zp.pl?podrobnosti=133648